| 000 | 00401nam a2200181Ia 4500 | ||
|---|---|---|---|
| 001 | 1149 | ||
| 005 | 20260306140610.0 | ||
| 008 | 260306t1985||||xx |||||||||||||| ||spa|| | ||
| 041 | _aESP | ||
| 082 |
_a185 _bA72E |
||
| 100 |
_aAristóteles _eAUT |
||
| 245 | 0 |
_aÉtica nicomáquea: _bética eudemia |
|
| 260 | _c1985 | ||
| 300 |
_a _c |
||
| 650 | _aGEN | ||
| 654 | _aCHU | ||
| 942 |
_cLIB _dJUS _fJUS _2ddc _n |
||
| 999 |
_c1149 _d1149 |
||